|
|
|
|
| LEADER |
00000nam0a2200000 4500 |
| 001 |
298342 |
| 005 |
20231102001108.0 |
| 020 |
|
|
|a RU
|b 83-92827
|
| 035 |
|
|
|a (RuTPU)RU\TPU\book\323485
|
| 090 |
|
|
|a 298342
|
| 100 |
|
|
|a 20150617d1983 k y0rusy5003 ca
|
| 101 |
0 |
|
|a rus
|
| 102 |
|
|
|a RU
|
| 105 |
|
|
|a a j 000zy
|
| 200 |
1 |
|
|a Научные исследования процессов и технологии открытых разработок
|e учебное пособие для студентов специальности 0209
|f Н. Н. Медников
|g Московский горный институт (МГИ) ; под ред. В. В. Ржевсккого
|
| 210 |
|
|
|a Москва
|c Изд-во Московского горного ин-та
|d 1983
|
| 215 |
|
|
|a 61 с.
|c 2 л. граф.
|
| 606 |
1 |
|
|a Горные работы открытые
|2 stltpush
|3 (RuTPU)RU\TPU\subj\73353
|9 86385
|
| 610 |
1 |
|
|a научные исследования
|
| 610 |
1 |
|
|a технология
|
| 610 |
1 |
|
|a требования
|
| 610 |
1 |
|
|a оформление
|
| 610 |
1 |
|
|a методы
|
| 610 |
1 |
|
|a моделирование
|
| 610 |
1 |
|
|a размерности
|
| 610 |
1 |
|
|a инженерный эксперимент
|
| 610 |
1 |
|
|a аналитические исследования
|
| 610 |
1 |
|
|a учебные пособия
|
| 675 |
|
|
|a 622.271(075.8)
|z rus
|v 3
|
| 700 |
|
1 |
|a Медников
|b Н. Н.
|g Николай Николаевич
|4 070
|
| 702 |
|
1 |
|a Ржевский
|b В. В.
|4 340
|
| 712 |
0 |
2 |
|a Московский горный институт (МГИ)
|c (1930-1962, 1966-1993)
|2 stltpush
|3 (RuTPU)RU\TPU\col\3944
|
| 801 |
|
0 |
|a RU
|b RuMRKP
|c 19950704
|g psbo
|
| 801 |
|
1 |
|a RU
|b 63413507
|c 20150617
|
| 801 |
|
2 |
|a RU
|b 63413507
|c 20180609
|g RCR
|
| 942 |
|
|
|c BK
|